=LDR 00000nam 2200000 4500 =001 INLIS000000000061314 =005 20221006083359 =035 ##$$a 0010-1022000055 =007 ta =008 221006###########################0#ind## =020 ##$$a 978-602-9136-68-5 =082 ##$$a 346.059 =084 ##$$a 346.059 Yur a =100 #$$a Yurizal =245 1#$$a Aspek Pidana dalam Undang Undang No.42 Tahun 1999 Tentang Jaminan Fidusia /$c Yurizal =250 ##$$a Cet.16 =260 ##$$a Malang :$b Media Nusa Kreative,$c 20121 =300 ##$$a xviii,224 hlm. ; $c 21 Cm. =650 #4$$a Fidusia - Undang-Undang dan Peraturan =990 ##$$a 23552355